Представление документа в формате MARC21

Поле Инд. ПП Название Значение
Тип записи a
Библиографический уровень m
001 _ Контрольный номер RU\infra-m\znanium\bibl\1053698
005 _ Дата корректировки 20250915104120.6
008 Кодируемые данные 200924s2020 RU g rus u
020 a ISBN 978-5-16-004480-4
040 a Служба первич. каталог. Общество с ограниченной ответственностью «ЗНАНИУМ»
041 a Код языка текста rus
044 a Код страны публикации RU
080 a Индекс УДК 93/99(470)(075.8)
084 2 Источник индекса rubbk
a Индекс другой классификации/Индекс ББК 63.3(2)я73
084 2 Источник индекса okso
a Индекс другой классификации/Индекс ББК 00.05.04
084 2 Источник индекса okso
a Индекс другой классификации/Индекс ББК 00.03.04
100 1_ a Автор Шишова Наталья Васильевна
q Полное имя Наталья Васильевна
245 a Заглавие Отечественная история
b Продолж. заглавия Учебник
c Ответственность Донской государственный технический университет
250 a Основные сведения об издании 1
260 a Место издания Москва
b Издательство ООО "Научно-издательский центр ИНФРА-М"
c Дата издания 2020
300 a Объем 462 с.
520 a Аннотация Описывается история отечества с древнейших времен до настоящего времени в контексте общемирового развития. Обстоятельно изложены теоретический раздел, а также материалы по историографии, источниковедению. Рассмотрены проблемы эволюции российской государственности, социально-экономического развития, внешней политики, общественно-политической и культурной жизни.
521 a Примеч. о целев. назн. ВО - Бакалавриат
650 a Основная рубрика История. Исторические науки
x Основная подрубрика Российская история
700 1_ a Другие авторы Мининкова Людмила Владимировна
q Полное имя Людмила Владимировна
852 x Примечание, не предназначенное для пользователя znanium2022
856 4_ a Имя сервера/домена znanium.com
m Помощь ebs_support@infra-m.ru
n Местонахождение сервера НИЦ ИНФРА-М
u URL http://znanium.com/catalog/document?id=356122
z Примечание для пользователя Участвует в КО
856 41 a Имя сервера/домена znanium.com
d Путь /cover/1053
f Электронное имя 1053698.jpg
q Тип электронного формата image/jpeg
u URL https://znanium.com/cover/1053/1053698.jpg